Flaggen erraten - Statistiken

Allgemein
  • Dieses Quiz wurde 193 mal gespielt
    170 seit der letzten Aktualisierung
  • Das Durchschnittsergebnis liegt bei 11 aus 16
Antwortstatistiken
Bildquiz Antwort % Korrekt
USA
95%
Italien
88%
Kanada
87%
Frankreich
86%
Russland
86%
Japan
85%
Schweden
84%
Finnland
76%
Zypern
76%
Ungarn
75%
Bulgarien
68%
Nepal
62%
Vatikan
58%
Bangladesch
54%
United Kingdom
17%
Nordmacedonien
0%
Keine übereinstimmenden Quizze gefunden
Verteilung der Resultate
Anzahl Personen mit jedem Resultat
Perzentil nach korrekt beantworteten Fragen
Ihre Resultats-Entwicklung
Sie haben dieses Quiz seit der letzten Aktualisierung nicht gespielt